[Event "GER-ch U10"]
[Site "Willingen"]
[Date "2023.06.02"]
[Round "10"]
[White "Heins, Simon"]
[Black "Andersen, Jonathan1111"]
[Result "1/2-1/2"]
[WhiteElo "1592"]
[BlackElo "1494"]
[PlyCount "107"]
[EventDate "2023.05.27"]
[EventType "swiss"]
[EventRounds "11"]
[EventCountry "GER"]
[SourceTitle "CBM 214 Extra"]
[Source "ChessBase"]
[SourceDate "2023.07.31"]
[SourceVersion "1"]
[SourceVersionDate "2023.07.31"]
[SourceQuality "1"]

1. e4 e5 2. Nf3 Nc6 3. d4 exd4 4. Bc4 d6 5. Nxd4 Nf6 6. Nc3 Be7 7. h3 0-0 8. 0-0 Bd7 9. Be3 Ne5 10. Bb3 a6 11. f4 Ng6 12. a4 Qc8 13. Qd2 c5 14. Nf3 b5 15. Bd5 b4 16. Ne2 Bc6 17. Ng3 Bxd5 18. exd5 Qb7 19. Rad1 Bd8 20. Nf5 Bc7 21. N3h4 Rfe8 22. Nxg6 hxg6 23. Ng3 Nxd5 24. Bxc5 Bb6 25. Qxd5 Qxd5 26. Rxd5 Bxc5+ 27. Kh2 Re6 28. f5 gxf5 29. Nxf5 Re2 30. Nxd6 Bxd6+ 31. Rxd6 Rxc2 32. b3 Rc3 33. Rf3 Rxf3 34. gxf3 Kf8 35. a5 Rc8 36. Rxa6 Rc3 37. Rb6 Rxb3 38. a6 Ra3 39. Rb8+ Ke7 40. Rb7+ Kf6 41. a7 b3 42. Kg3 b2 43. Rxb2 Rxa7 44. Rb5 Ra3 45. Kg4 Kg6 46. Rb6+ f6 47. f4 Kf7 48. Rb7+ Kg8 49. h4 Kh7 50. f5 Ra4+ 51. Kh5 Ra5 52. Kg4 Ra4+ 53. Kh5 Rf4 54. Rb5 1/2-1/2